Carte di clash royale dalla a-z - Statistics

Statistiche generali
  • Questo quiz è stato fatto 185 volte
  • Il punteggio medio è 10 su 15
Statistiche sulle risposte
Lettera Risposta % Corretto
G
93%
C
91%
B
88%
M
83%
S
83%
D
80%
A
77%
P
77%
T
76%
F
74%
V
67%
R
48%
O
36%
E
27%
L
21%
Nessun quiz corrispondente trovato
Distribuzione punteggi
Percentuale di utenti per punteggio
Percentile per numero di risposta
I tuoi punteggi nel tempo
Non hai fatto questo quiz